header

The entropy crisis (Record no. 28702)

MARC details
000 -LEADER
fixed length control field 01285nam a2200373Ia 4500
082 04 - DEWEY DECIMAL CLASSIFICATION NUMBER
Classification number 333.79
100 1# - MAIN ENTRY--AUTHOR NAME
Personal name Deutscher, Guy.
245 14 - TITLE STATEMENT
Title The entropy crisis
260 ## - PUBLICATION, DISTRIBUTION, ETC. (IMPRINT)
Place of publication New Jersey :
Name of publisher World Scientific,
Year of publication c2008.
300 ## - PHYSICAL DESCRIPTION
Number of Pages xi, 172 p. :
Other physical details ill.
500 ## - GENERAL NOTE
General note Includes index.
650 #0 - SUBJECT ADDED ENTRY--TOPICAL TERM
Topical Term Energy development.
Topical Term Power resources.
Topical Term Entropy.
Topical Term Environmental protection.
Topical Term Climatic changes.
856 40 - ELECTRONIC LOCATION AND ACCESS
Uniform Resource Identifier http://site.ebrary.com/lib/rucke/Doc?id=10687994

No items available.

© 2026 Rongo University
Contact us: librarian | system librarian | Rongo university